Представление документа в формате RUSMARC

ПолеНазваниеЗначение
  Тип записи a
  Библиографический уровень c
001 Контрольный номер RU/SLIB/B/208757941
005 Дата корректировки 20240215094732.5
010 Индекс ISBN __
d Цена 4-20
100 Данные общей обработки __
a Данные общей обработки 20230316d1991 m y0rusy028902 ca
101 Язык документа 0_
a Язык текста rus
102 Страна публикации __
a Страна публикации RU
105 Кодированные данные (монография) __
a Кодированные данные (монография) y z 000yy
181 Поле кодированных данных: вид содержания _0
a Код вида содержания (ISBD) i
182 Поле кодированных данных: тип средства _0
a Код типа средства (ISBD) n
200 Заглавие и сведения об ответственности 0_
a Заглавие Хрестоматия по инженерной психологии
f Первые сведения об ответственности под ред. Б. А. Бушкова
b Общее обозначение материала Текст
210 Выходные данные 1_
a Место издания М.
c Издательство Высш. шк.
d Дата издания 1991
215 Физическое описание __
a Объем 287 с.
606 Тематические рубрики __
a Основная рубрика Психология
2 Код системы nlr_sh
606 Тематические рубрики __
a Основная рубрика Отраслевая психология
2 Код системы nlr_sh
610 Ключевые слова 0_
a Ключевые слова инженерная психология; психологические теории; психологические течения; персоналии
686 Индексы других классификаций __
a Классификационный индекс 88.4я7
2 Код системы rubbks
702 Вторичная интеллектуальная ответственность _1
a Фамилия Душков
b Имя Б. А.
4 Код отношения 340
g Полное личное имя Борис Андреевич
801 Источник записи _0
a Страна RU
b Организация Муниципальное бюджетное учреждение культуры "Централизованная библиотечная система" г. Сургут (Центральная городская библиотека им. А. С. Пушкина)
g Правила каталогизации PSBO
801 Источник записи _1
a Страна RU
b Организация Муниципальное бюджетное учреждение культуры "Централизованная библиотечная система" г. Сургут (Центральная городская библиотека им. А. С. Пушкина)
g Правила каталогизации PSBO
852 Данные о местонахождении __
j Шифр хранения 88.4я7
i Авторский знак Х 91
p Инвентарный номер 45185
901 Тип документа __
t Тип документа x
a Ответственный КиК/Уланова
901 Тип документа __
a Ответственный СКБР2024
903 Характеристики (МАРС) __
c Наименование библиотеки (МАРС) Муниципальное бюджетное учреждение культуры "Централизованная библиотечная система" г. Сургут (Центральная городская библиотека им. А. С. Пушкина)
969 Тип издания __
a Тип издания хрестоматия
990 Данные о заказе (DOS) __
j Количество экземпляров (DOS) 1